000 00415nam a22001337a 4500
003 SGT
020 _a9789380935782
082 _a891.4309
_bR18J
100 _aजोशी, सच्चिदानंद
245 _aराष्ट्र निर्माण में हिंदी की भूमिका
260 _bनिदेशक प्रकाशन
_c2018
300 _a178
942 _2ddc
_cBK
999 _c30154
_d30154